Microfinance India : (Record no. 19351)
[ view plain ]
| 000 -LEADER | |
|---|---|
| fixed length control field | 00802cam a22002298a 4500 |
| 005 - DATE AND TIME OF LATEST TRANSACTION | |
| control field | 20081106152153.0 |
| 008 - FIXED-LENGTH DATA ELEMENTS--GENERAL INFORMATION | |
| fixed length control field | 081030s2009 cau b 000 0 eng |
| 010 ## - LCCN (DPL NO) | |
| LC control number | ENG-91946 |
| 020 ## - INTERNATIONAL STANDARD BOOK NUMBER | |
| International Standard Book Number | 9788178299464 |
| Terms of availability | 695.00 |
| 035 ## - SYSTEM CONTROL NUMBER | |
| System control number | EN-75479 |
| 037 ## - SOURCE OF ACQUISITION | |
| Source of stock number/acquisition | DBAD /PUB |
| 040 ## - CATALOGING SOURCE | |
| Original cataloging agency | dpl |
| Language of cataloging | English |
| 082 ## - DEWEY DECIMAL CLASSIFICATION NUMBER | |
| Classification number | 332 |
| 100 ## - MAIN ENTRY--PERSONAL NAME | |
| Personal name | Srinivasan, N. |
| 245 ## - TITLE STATEMENT | |
| Title | Microfinance India : |
| Remainder of title | state of the sector report, 2008 / |
| Statement of responsibility, etc | by N. Srinivasan. |
| 260 ## - PUBLICATION, DISTRIBUTION, ETC. (IMPRINT) | |
| Place of publication, distribution, etc | New Delhi |
| Name of publisher, distributor, etc | Sage Publications |
| Date of publication, distribution, etc | 2009 |
| 300 ## - PHYSICAL DESCRIPTION | |
| Extent | xvi, 155p. |
| Dimensions | 28cm (pbk) |
| 500 ## - GENERAL NOTE | |
| General note | Includes bibliographical references. |
| 650 ## - SUBJECT ADDED ENTRY--TOPICAL TERM | |
| Topical term or geographic name as entry element | Microfinance |
| Geographic subdivision | India. |
| 942 ## - ADDED ENTRY ELEMENTS (KOHA) | |
| Source of classification or shelving scheme | Dewey Decimal Classification |
| Item type | English Books |
| Classification part | 332 |
| Call number suffix | SRI |
| Withdrawn status | Lost status | Source of classification or shelving scheme | Damaged status | Not for loan | Collection code | Home library | Current library | Date acquired | Source of acquisition | Cost, normal purchase price | Total Checkouts | Full call number | Barcode | Date last seen | Copy number | Cost, replacement price | Koha item type |
|---|---|---|---|---|---|---|---|---|---|---|---|---|---|---|---|---|---|
| Dewey Decimal Classification | Not For Loan | Non-fiction | D.B.Act.Division | D.B.Act.Division | 02/12/2008 | DBAD / PUB | 695.00 | 332 SRI | EN-75479 | 02/12/2008 | 1 | 695.00 | English Books |
